BUBT Library Online Catalog

Basics of Electronic Devices / (Record no. 4513)

000 -LEADER
fixed length control field 00652nam a2200229Ia 4500
003 - CONTROL NUMBER IDENTIFIER
control field BUBTL
008 - FIXED-LENGTH DATA ELEMENTS--GENERAL INFORMATION
fixed length control field 151213s9999 xx 000 0 und d
020 ## - INTERNATIONAL STANDARD BOOK NUMBER
International Standard Book Number 8120324307
082 ## - DEWEY DECIMAL CLASSIFICATION NUMBER
Classification number 621.3815/ B2926/ 2004
110 ## - MAIN ENTRY--CORPORATE NAME
9 (RLIN) 4300
Corporate name or jurisdiction name as entry element NIIT
245 ## - TITLE STATEMENT
Title Basics of Electronic Devices /
Statement of responsibility, etc. NIIT
250 ## - EDITION STATEMENT
Edition statement 1st Edn.
260 ## - PUBLICATION, DISTRIBUTION, ETC. (IMPRINT)
Place of publication, distribution, etc. New Delhi:
Name of publisher, distributor, etc. Prentice-Hall of India Private Limited,
Date of publication, distribution, etc. c2004.
300 ## - PHYSICAL DESCRIPTION
Extent vii, 432 p.:
Other physical details ill.,tables,;
Dimensions 24 cm.
505 ## - FORMATTED CONTENTS NOTE
Formatted contents note Electronic Devices, NIIT
650 #0 - SUBJECT ADDED ENTRY--TOPICAL TERM
Topical term or geographic name as entry element Electrical and Electronic Engineering
9 (RLIN) 4295
650 ## - SUBJECT ADDED ENTRY--TOPICAL TERM
Topical term or geographic name as entry element science
700 ## - ADDED ENTRY--PERSONAL NAME
Personal name NIIT
9 (RLIN) 4301
856 ## - ELECTRONIC LOCATION AND ACCESS
Password 0
Logon 0
Link text Download
942 ## - ADDED ENTRY ELEMENTS (KOHA)
Source of classification or shelving scheme
Koha item type Books
Holdings
Withdrawn status Lost status Source of classification or shelving scheme Damaged status Not for loan Collection code Permanent location Current location Shelving location Date acquired Inventory number Total Checkouts Full call number Barcode Date last seen Copy number Price effective from Koha item type
          Non-fiction Bangladesh University of Business and Technology Library Bangladesh University of Business and Technology Library Electronic Engineering Stacks 01/09/2011 8721   621.319NIE BUBTL-20038721 01/18/2016 C-1 01/18/2016 Books

More Information About Library

Library Hours

  • Open: 9.00 am. to 9.00 pm.
  • Only Sunday: 9.00 am. to 6.00 pm.
  • Closed: Holiday

Contact to the University

Bangladesh University of Business and Technology Library

  • Mirpurl-2, 1216.
  • Phone:
  • Fax:
  • E-Mail: admin.library@bubt.edu.bd

Contact to the Library

Contact Person:

Md. Abdul Hakim Shah
Joint Librarian
PABX No:  113
Cell No: 01816332931
E-mail: official: admin.library@bubt.edu.bd
Personal: hakim.shah@bubt.edu.bd


BUBT Library

Copyright © 2021